01730 a2200193 4500003000500000005001700005010001600022020001700038040000900055082001700064245010700081260005200188300006800240505107200308650003601380650004101416651006301457700001601520Nust20221229124535.0 a 77368488 a040800259X : cNust00a621.3841,RAD00aRadio, T.V. and audio technical reference book /cedited by S. W. Amos ; with specialist contributors. aLondon ;aBoston :bNewnes-Butterworths,c1977. a1133 p. in various pagings, [1] leaf of plate :bill. ;c23 cm. aFundamentals Of Sound Transmission (Page-1), Fundamentals Of Television Transmission (Page-2), Passive Components (Page-3),Transmission Lines (Page-4),Thermionic Values (Page-5),Electron Optics Cathcode-Ray Tube (Page-6),Semiconductor Devices (Page-7), Basic Electronic Circuits (Page-8),Modern Methods (Page-9),Microphones (Page-10),Loudspeakers (Page-11), Disc Recording Ad Reproduction (Page-12), Magnetic Recording (Page-13),High-Fi delity Amplifiers (Page-14), Sound Studios (Page-15), Television Studio(Page-16), Telecine Video Tape (Page-17), Television Transmitters (Page-18), Radio Wave Protection (Page-19), Antennas (Page-20), Sound Receiver (Page-21), Black And White Television (Page-22), Colour Television (Page-23), V.H/F And U.H.F Land Mobile (Page-24), Batteries (Page-25), Rectifying And Converting (Page-26),Transmitter Power (Page-27), Test Equipment (Page-28), Transmitter Installation (Page-29), Sound Receiver (Page-30),Television Receiver (Page-31),Tape Recorder (Page-32), Electrical Interference (Page-33), Formula And Equation (Page-34). 0aRadioxHandbooks, manuals, etc. 0aTelevisionxHandbooks, manuals, etc. 0aSoundxRecording and reproducingxHandbooks, manuals, etc.1 aAmos, S. W.